Mapping the web (Record no. 68782)
[ view plain ]
| 000 -LEADER | |
|---|---|
| fixed length control field | 00961cam a2200229 4500 |
| 001 - CONTROL NUMBER | |
| control field | ABS64686 |
| 008 - FIXED-LENGTH DATA ELEMENTS--GENERAL INFORMATION | |
| fixed length control field | 011105n2001 000 0 eng u |
| 035 ## - SYSTEM CONTROL NUMBER | |
| System control number | (Sirsi) u115483 |
| 100 ## - MAIN ENTRY--PERSONAL NAME | |
| Personal name | Vaughan, R. |
| 245 ## - TITLE STATEMENT | |
| Title | Mapping the web |
| 260 ## - PUBLICATION, DISTRIBUTION, ETC. | |
| Date of publication, distribution, etc. | 2001 |
| 490 ## - SERIES STATEMENT | |
| Series statement | Building |
| Volume/sequential designation | 266(8207) 26 October 2001, 60-61(2) |
| 520 ## - SUMMARY, ETC. | |
| Summary, etc. | Examines e-commerce and its relation to the construction industry. Looks at the different types of technology providers and the specific services on offer including, construction project portals and project collaboration extranets. Describes the benefits and disadvantages of electronic collaboration. Includes table of structure and content of construction e-business. |
| 590 ## - LOCAL NOTE (RLIN) | |
| Local note | ABS |
| 650 ## - SUBJECT ADDED ENTRY--TOPICAL TERM | |
| Topical term or geographic name entry element | E-COMMERCE |
| 650 ## - SUBJECT ADDED ENTRY--TOPICAL TERM | |
| Topical term or geographic name entry element | CONSTRUCTION INDUSTRY |
| 650 ## - SUBJECT ADDED ENTRY--TOPICAL TERM | |
| Topical term or geographic name entry element | DAVIS LANGDON AND EVEREST |
| 650 ## - SUBJECT ADDED ENTRY--TOPICAL TERM | |
| Topical term or geographic name entry element | PROJECT TEAMS |
| 650 ## - SUBJECT ADDED ENTRY--TOPICAL TERM | |
| Topical term or geographic name entry element | PROJECT COLLABORATION EXTRANETS |
| 690 ## - LOCAL SUBJECT ADDED ENTRY--TOPICAL TERM (OCLC, RLIN) | |
| Topical term or geographic name as entry element | INFORMATION TECHNOLOGY-INTERNET |
| 942 ## - ADDED ENTRY ELEMENTS (KOHA) | |
| Suppress in OPAC | 0 |
| Withdrawn status | Lost status | Source of classification or shelving scheme | Damaged status | Not for loan | Home library | Current library | Shelving location | Date acquired | Total Checkouts | Full call number | Barcode | Date last seen | Copy number | Price effective from | Koha item type |
|---|---|---|---|---|---|---|---|---|---|---|---|---|---|---|---|
| Dewey Decimal Classification | London | London | Journal article | 05/11/2001 | ABS64686 | 115483-1001 | 06/08/2019 | 1 | 06/08/2019 | Journal article |